Dodavateľsko-odberateľské vzťahy ako súčasť plánovacieho procesu záverečná práca postgraduálneho štúdia

Salvato in:
Dettagli Bibliografici
Autore principale: Janec, Juraj
Ente Autore: Vysoká škola ekonomická v Bratislave
Altri autori: Hanes, Dalibor
Natura: Libro
Lingua:slovacco
Pubblicazione: Bratislava 1989
Tags: Aggiungi Tag
Nessun Tag, puoi essere il primo ad aggiungerne!!

MARC

LEADER 00000nam a2200000 4500
001 c028987
005 20221215070425.7
041 0 |a slo 
044 |a SK 
245 1 0 |a Dodavateľsko-odberateľské vzťahy ako súčasť plánovacieho procesu  |b záverečná práca postgraduálneho štúdia  |c Juraj Janec ; ved. práce D. Hanes 
264 1 |a Bratislava  |c 1989 
300 |a 41 s. 
100 1 |a Janec, Juraj 
700 1 |a Hanes, Dalibor 
710 2 |a Vysoká škola ekonomická v Bratislave